Logo Biblioteca

Los ojos de Greta Garbo : (Registro nro. 883)

Detalles MARC
000 -LEADER
fixed length control field 00717nam a22002537a 4500
003 - CONTROL NUMBER IDENTIFIER
control field AR-Ro-UNCS
005 - DATE AND TIME OF LATEST TRANSACTION
control field 20260206114947.0
007 - PHYSICAL DESCRIPTION FIXED FIELD--GENERAL INFORMATION
fixed length control field ta
008 - FIXED-LENGTH DATA ELEMENTS--GENERAL INFORMATION
fixed length control field 140722s2012 ag o gr 000 jdspa
015 ## - NATIONAL BIBLIOGRAPHY NUMBER
National bibliography number AR-2012
020 ## - INTERNATIONAL STANDARD BOOK NUMBER
International Standard Book Number 978-987-580-539-2
040 ## - CATALOGING SOURCE
Original cataloging agency AR-BaBN
Language of cataloging spa
Transcribing agency AR-BaBN
Description conventions aacr
044 ## - COUNTRY OF PUBLISHING/PRODUCING ENTITY CODE
MARC country code ag
ISO country code ar-c
080 1# - UNIVERSAL DECIMAL CLASSIFICATION NUMBER
Universal Decimal Classification number 82-34(821)
Edition identifier 2016
100 1# - MAIN ENTRY--PERSONAL NAME
Personal name Puig, Manuel,
Dates associated with a name 1932-1990
Relator term autor
Relationship aut
245 14 - TITLE STATEMENT
Title Los ojos de Greta Garbo :
Remainder of title relatos /
Statement of responsibility, etc. Manuel Puig.
250 ## - EDITION STATEMENT
Edition statement 1a ed.
260 ## - PUBLICATION, DISTRIBUTION, ETC.
Place of publication, distribution, etc. Buenos Aires :
Name of publisher, distributor, etc. Booket,
Date of publication, distribution, etc. 2012.
300 ## - PHYSICAL DESCRIPTION
Extent 137 p. :
Other physical details fot. byn ;
Dimensions 19 cm.
490 0# - SERIES STATEMENT
Series statement Biblioteca Manuel Puig. Cuentos
650 #7 - SUBJECT ADDED ENTRY--TOPICAL TERM
Source of heading or term embne
Topical term or geographic name entry element Literatura argentina
655 #7 - INDEX TERM--GENRE/FORM
Genre/form data or focus term Cuentos
Source of term embne
942 ## - ADDED ENTRY ELEMENTS (KOHA)
Source of classification or shelving scheme Universal Decimal Classification
Koha item type Libro de préstamo a domicilio
Suppress in OPAC No
Existencias
Withdrawn status Lost status Source of classification or shelving scheme Damaged status Not for loan Collection Home library Current library Date acquired Source of acquisition Total checkouts Full call number Barcode Date last seen Price effective from Koha item type
    Universal Decimal Classification     Colección General Biblioteca Escuela de Ciencias Sociales Biblioteca Escuela de Ciencias Sociales 06/02/2026 Donación 2023   82-34(821) P979 000149 06/02/2026 06/02/2026 Libro de préstamo a domicilio
Biblioteca de la Escuela Preuniversitaria en Ciencias Sociales y Humanísticas.
Riobamba 250 bis.
CP 2000 - Rosario - Santa Fe
E-Mail: biblioteca@esociales.unr.edu.ar